Multiple Choice City Quiz – London - Statistics

General Stats
  • This quiz has been taken 2,515 times
    2,514 since last reset
  • The average score is 8 of 10
Answer Stats
Question Answer % Correct
Which royal residence is in the heart of London? Buckingham Palace
99%
Which fictional characters lived at 221B Baker Street? Sherlock Holmes
97%
Which of these nicknames refers to the London Underground? The Tube
96%
Where does the British Prime Minister resides? 10 Downing Street
94%
Which London museum is famous for its collection of ancient Egyptian artifacts? The British Museum
88%
What does the name "Trafalgar Square" commemorate? A victory during the Napoleonic Wars
87%
Which of these football clubs is NOT based in London and its suburbs? Aston Villa
79%
In what year did the Great Fire of London occur? 1666
76%
Which of them was NOT in London in 1940? Dwight D. Eisenhower
56%
Which of these photographs shows London Bridge?
40%
No matching quizzes found
Score Distribution
Percent of People with Each Score
Percentile by Number Answered
Your Score History
You have not taken this quiz since the last reset